<?xml version="1.0" encoding="UTF-8"?>
<record
    xmlns:xsi="http://www.w3.org/2001/XMLSchema-instance"
    xsi:schemaLocation="http://www.loc.gov/MARC21/slim http://www.loc.gov/standards/marcxml/schema/MARC21slim.xsd"
    xmlns="http://www.loc.gov/MARC21/slim">

  <leader>01228cam a22003011  4500</leader>
  <controlfield tag="001">sa 65009174 </controlfield>
  <controlfield tag="003">DLC</controlfield>
  <controlfield tag="005">20260227112200.0</controlfield>
  <controlfield tag="008">761221m19629999ii            000 0 san  </controlfield>
  <datafield tag="010" ind1=" " ind2=" ">
    <subfield code="a">sa 65009174 </subfield>
  </datafield>
  <datafield tag="035" ind1=" " ind2=" ">
    <subfield code="a">(OCoLC)15692591</subfield>
  </datafield>
  <datafield tag="040" ind1=" " ind2=" ">
    <subfield code="a">DLC</subfield>
    <subfield code="c">NN</subfield>
    <subfield code="d">OCoLC</subfield>
    <subfield code="d">DLC</subfield>
  </datafield>
  <datafield tag="042" ind1=" " ind2=" ">
    <subfield code="a">premarc</subfield>
  </datafield>
  <datafield tag="050" ind1="0" ind2="0">
    <subfield code="a">PK531</subfield>
    <subfield code="b">.A1 1962a</subfield>
  </datafield>
  <datafield tag="100" ind1="0" ind2=" ">
    <subfield code="a">Pata&#xF1;jali.</subfield>
  </datafield>
  <datafield tag="245" ind1="1" ind2="0">
    <subfield code="a">&#x15A;r&#x12B;bhagavatpata&#xF1;jaliviracita&#x1E43; Vy&#x101;kara&#x1E47;amah&#x101;bh&#x101;&#x1E63;yam.</subfield>
    <subfield code="c">Abhya&#x1E45;karop&#x101;hva-V&#x101;sudeva&#x15B;&#x101;strisuta-K&#x101;&#x15B;in&#x101;thena sandarbhagranthanidar&#x15B;anai&#x1E25; durbodhasthalavy&#x101;khy&#x101;nak&#x101;ri&#x1E47;&#x12B;bhi&#x1E25; &#x1E6D;ippa&#x1E47;&#x12B;bhi&#x15B;ca pari&#x1E63;k&#x1E5B;ta&#x1E43;. [K&#x12B;lhorn&#x101;mn&#x101; sa&#x1E43;&#x15B;odhodhitam.</subfield>
  </datafield>
  <datafield tag="250" ind1=" " ind2=" ">
    <subfield code="a">3. sa&#x1E43;skra&#x1E47;am]</subfield>
  </datafield>
  <datafield tag="260" ind1=" " ind2=" ">
    <subfield code="a">[Poona,</subfield>
    <subfield code="b">Published by R. N. Dandekar at the Bhandarkar Oriental Research Institute]</subfield>
    <subfield code="c">1962- </subfield>
  </datafield>
  <datafield tag="300" ind1=" " ind2=" ">
    <subfield code="a">3v.</subfield>
    <subfield code="c">25 cm.</subfield>
  </datafield>
  <datafield tag="500" ind1=" " ind2=" ">
    <subfield code="a">Added t. p.: The Vy&#x101;kara&#x1E47;a-mah&#x101;bh&#x101;&#x1E63;ya.</subfield>
  </datafield>
  <datafield tag="500" ind1=" " ind2=" ">
    <subfield code="a">A commentary on P&#x101;&#x1E47;ini's A&#x1E63;&#x1E6D;&#x101;dhy&#x101;y&#x12B;.</subfield>
  </datafield>
  <datafield tag="500" ind1=" " ind2=" ">
    <subfield code="a">In Sanskrit; preface in English,</subfield>
  </datafield>
  <datafield tag="650" ind1=" " ind2="0">
    <subfield code="a">Sanskrit language</subfield>
    <subfield code="x">Grammar.</subfield>
  </datafield>
  <datafield tag="700" ind1="0" ind2=" ">
    <subfield code="a">P&#x101;&#x1E47;ini.</subfield>
    <subfield code="t">A&#x1E63;&#x1E6D;&#x101;dhy&#x101;y&#x12B;.</subfield>
  </datafield>
  <datafield tag="700" ind1="1" ind2=" ">
    <subfield code="a">Kielhorn, Franz,</subfield>
    <subfield code="d">1840-1908,</subfield>
    <subfield code="e">ed</subfield>
  </datafield>
  <datafield tag="700" ind1="1" ind2=" ">
    <subfield code="a">Abhyankar, Kashinath Vasudev,</subfield>
    <subfield code="e">ed.</subfield>
  </datafield>
  <datafield tag="740" ind1="4" ind2=" ">
    <subfield code="a">The Vy&#x101;kara&#x1E47;a-mah&#x101;bh&#x101;&#x1E63;ya.</subfield>
  </datafield>
  <datafield tag="999" ind1=" " ind2=" ">
    <subfield code="c">66053</subfield>
    <subfield code="d">66053</subfield>
  </datafield>
</record>
